Το βέλος του χρόνου

Saved in:
Bibliographic Details
Main Authors: Coveney, Peter (Peter V.), Highfield, Roger (Author)
Other Authors: Prigogine, I. (Ilya) (Author of introduction, etc.)
Format: Book
Language:Greek
English
Published: Αθήνα : Κάτοπτρο, 1991.
Subjects:
Tags: Add Tag
No Tags, Be the first to tag this record!

MARC

LEADER 00000cam a2200000 i 4500
001 1/36585
008 941103s1990####gr | ||| |||| ||gre||
020 |a 9607023234 
035 |l 10085859 
040 |a GR-MyUA  |b gre  |e AACR2 
041 1 |a gre  |h eng 
082 0 |a 529  |2 (22) 
100 1 |a Coveney, Peter   |q (Peter V.) 
245 1 3 |a Το βέλος του χρόνου /   |c Peter Coveney και Roger Highfield ; πρόλογος Ilya Prigogine.  
260 |a Αθήνα :   |b Κάτοπτρο,   |c 1991.  
300 |a 526 σ. :   |b εικ. ;   |c 24 εκ. 
500 |a Μετάφραση του: The arrow of time 
504 |a Περιέχει ευρετήριο και βιβλιογραφία.  
650 0 0 |a Time. 
700 1 |a Highfield, Roger,  |e aut 
700 1 |a Prigogine, I.   |q (Ilya)  |e aui 
852 |a INST  |b SAMOS  |e 20000229  |h 529 COV  |p 005300015870  |q 005300015870  |t BK  |y 0 
852 |a INST  |b SAMOS  |e 19941103  |h 93309/76 COV  |p 005300014071  |q 005300014071  |t BK  |y 12 
852 |a INST  |b SYROS  |e 20061030  |h 529 COV  |p 005500004565  |q 005500004565  |t BK  |y 0 
901 |a BIBL5-2006-3 
901 |a BIBL3-2000-1 
909 |a Ε  |b 129713 
909 |a Σ  |b 030003 
909 |a Σ  |b 071854 
922 |a 5ΕΛΗ  |b 200610  |c ΒΙΒΛΙΟΘΗΚΗ ΣΥΡΟΥ  |d GLORY BOOK 
922 |a 3ΕΛΗ  |b 199912  |c ΒΙΒΛΙΟΘΗΚΗ  |d ΠΑΠΑΣΩΤΗΡΙΟΥ 
950 |a 188-2006-10-09 
970 |a ΓΕΝΟΥΖΟΥ  |b ΧΡΥΣΑΝΘΗ  |z 2000/02/29